| 000 | 00756nam a2200205 a 4500 | ||
|---|---|---|---|
| 008 | 060316c19989999||||||||||||||||| || u | ||
| 020 | _a0750639032 | ||
| 050 | _aTK 7881.4 Bri | ||
| 100 | _aBrice, Richard | ||
| 245 | 1 | 0 |
_aMusic engineering : the electronics of playing and recording [electronic resource] _cRichard Brice _h[cd-rom] |
| 260 |
_aOxford _bNewnes _c1998 |
||
| 300 | _aCD-ROM | ||
| 350 | _a0.00 | ||
| 500 | _aAccompanies a text | ||
| 650 | _aSOUND - RECORDING AND REPRODUCING | ||
| 650 | _aMUSIC - ACOUSTICS AND PHYSICS | ||
| 650 | _aELECTRONIC MUSIC | ||
| 650 | _aELECTRO--ACOUSTICS | ||
| 995 |
_D0.00 _FCBU-MAIN LIBRARY (Kitwe) _H1 _I15.00 _M1 _ULOST _VMar 7, 2013 _Ze-Media Collection |
||
| 999 |
_c51836 _d51836 |
||